Pendidikan estetika daripada Pendekatan tauhid

Bibliographic Details
Main Author: Mohd.Affandi Hassan
Format: Book
Published: Kuala Lumpur : DBP , 1992
Subjects:

MARC

LEADER 00000cam a2200000 7i4500
001 0000004845
002 000005222
005 20080514.0
020 |a 9836228519 
090 0 0 |a 801.93   |b MOH 
100 0 |a Mohd.Affandi Hassan 
245 1 0 |a Pendidikan estetika daripada Pendekatan tauhid   |c Mohd Affandi Hassan 
260 |a Kuala Lumpur :   |b DBP ,   |c 1992 
300 |a 105p. ;   |c 23cm. 
650 0 0 |a Aestheticism (Literature) 
650 0 0 |a Islam in literature 
999 |a 033494   |b BUKU   |c PINJAMAN   |e PERPUSTAKAAN KOMUNITI PETALING JAYA